02877nam a2200397 a 4500001001200000003000800012006001900020007001500039008004100054010001700095020003900112020003600151020003800187020003500225040002100260035002100281043001200302050002600314082001500340245017400355260006100529300003200590504005100622505099600673520029901669533015201968650004802120651003502168651003102203655002902234700002002263700003602283710001702319856012602336999001702462ebr10338470CaPaEBRm u cr cn|||||||||090202s2009 dcuab sb 001 0 eng  z 2009003633 z9780815702955 (cloth : alk. paper) z0815702957 (cloth : alk. paper) z9780815702962 (pbk. : alk. paper) z0815702965 (pbk. : alk. paper) aCaPaEBRcCaPaEBR a(OCoLC)430821011 as-bl---14aHC187b.B86584 2009eb04a337.8122200aBrazil as an economic superpower?h[electronic resource] :bunderstanding Brazil's changing role in the global economy /cLael Brainard, Leonardo Martinez-Diaz, editors. aWashington, D.C. :bBrookings Institution Press,cc2009. aviii, 291 p. :bill., maps. aIncludes bibliographical references and index.0 aBrazil : the "B" belongs in the BRICS / Lael Brainard and Leonardo Martinez-Diaz -- Brazil as an agricultural and energy superpower. Brazil as an international energy player / Ricardo Ubiraci Sennes and Thais Narciso -- Brazil as an agricultural and agroenergy superpower / Andr�e Meloni Nassar -- Brazil : the challenges in becoming an agricultural superpower / Geraldo Barros -- Opening markets : Brazil's trade policy. Brazil's trade policy : moving away from old paradigms? / Pedro da Motta Veiga -- Brazil's trade policy : old and new issues / Mauricio Mesquita Moreira -- Extending Brazilian multinationals' global reach. Big business in Brazil : leveraging natural endowments and state support for international expansion / Ben Ross Schneider -- Technology, public policy, and the emergence of Brazilian multinationals / Edmund Amann -- Brazil as an equitable opportunity society. Income policies, income distribution, and the distribution of opportunities in Brazil / Marcelo Neri. a"Scholars and policymakers from Brazil, Europe, and the United States examine the present state and likely future of Brazil's economy. Their analysis focuses particularly on five key topics: agribusiness, energy, trade, social investment, and multinational corporations"--Provided by publisher. aElectronic reproduction.bPalo Alto, Calif. :cebrary,d2013.nAvailable via World Wide Web.nAccess may be limited to ebrary affiliated libraries. 0aInternational business enterpriseszBrazil. 0aBrazilxEconomic policyy2003- 0aBrazilxCommercial policy. 7aElectronic books.2local1 aBrainard, Lael.1 aMartinez-Diaz, Leonardo,d1976-2 aebrary, Inc.40uhttp://site.ebrary.com/lib/rucke/Doc?id=10338470zAn electronic book accessible through the World Wide Web; click to view c47741d47741